| 000 | 00562nam a22001817a 4500 | ||
|---|---|---|---|
| 005 | 20231213061943.0 | ||
| 008 | 231213b |||||||| |||| 00| 0 eng d | ||
| 020 | _a9780639013008 | ||
| 041 | _aEnglish | ||
| 082 | _a343.4 EXP | ||
| 100 | _lEnglish | ||
| 245 | _aExpatriate Tax : South African Citizens Working Abroad and Foreigners in South Africa | ||
| 250 | _a2nd Edition | ||
| 260 |
_aDurban : _bLexisNexis (Pty) Ltd, _c2019 |
||
| 300 |
_bxi, 880 pages ; _c25 cm. |
||
| 650 |
_aLegal practice _bLaw |
||
| 942 |
_cBK _6ALISON_BN_VRIES |
||
| 999 |
_c1188 _d1188 |
||